000
00213 a2200097 4500
001
22426
100
_a
Thomas, G B
245
_a
Calculus and analytic geometry
260
_a
_b
Adrson
_c
1964
090
_c
15196
_d
15196
942
_a
NUST-CAE
_c
M
_c
5776
999
_c
257499
_d
257499